00795nam a22001937a 4500999001900000005001700019010001500036020002600051035001400077037000900091082001400100100001800114245011100132260005600243270011700299300003500416942002800451952012200479 c183564d18356420211228155416.0 aENG-130728 a9789388754378c699.00 aEN-114260 bDBAD a338.04092 aRao, Sidharth aHow I Almost Blew It:bIncredible Lesson from India's Most Successful Digital Entrepreneurs/cSidharth Rao aChennaibWestland Publication Private Limitedc2019 a1st Floor, A Block, East Wing, Plot No. 40, SP Infocity, Dr MGR Saiai, Purungudi, KandanchavadibChennaie600096 aix, 298pc22cm(hbk)bAfterword 2ddccENh338.04092mRAO 001040708NFICaMbMd2021-12-28eDBAD/PUBg699.00l0o338.04092 RAOpEN-114260r2021-12-28 00:00:00t1v699.00yEN